00339nam a2200145Ia 4500003000400000005001700004008004100021040000700062041000800069082002400077100002100101245003000122260003300152365000800185OSt20230511115110.0210423s1975 xx 000 0 und d cAL aeng a301.0954 223bKURI aKURIAN (Mathew). aIndia: state and society. aBombaybOrient Longmanc1975 cINR